Alle EM 2024 Gruppen - Statistiken

Allgemein
  • Dieses Quiz wurde 192 mal gespielt
  • Das Durchschnittsergebnis liegt bei 22 aus 24
Antwortstatistiken
Gruppen Antwort % Korrekt
Gruppe A Deutschland
99%
Gruppe A Schweiz
99%
Gruppe B Spanien
98%
Gruppe B Italien
97%
Gruppe E Belgien
95%
Gruppe C England
95%
Gruppe D Frankreich
95%
Gruppe D Österreich
95%
Gruppe F Portugal
94%
Gruppe B Kroatien
93%
Gruppe D Niederlande
93%
Gruppe A Ungarn
93%
Gruppe A Schottland
92%
Gruppe E Ukraine
91%
Gruppe B Albanien
90%
Gruppe D Polen
90%
Gruppe F Tschechien
89%
Gruppe F Türkei
89%
Gruppe C Dänemark
88%
Gruppe C Serbien
86%
Gruppe E Slowakei
86%
Gruppe C Slowenien
84%
Gruppe E Rumänien
83%
Gruppe F Georgien
72%
Keine übereinstimmenden Quizze gefunden
Verteilung der Resultate
Anzahl Personen mit jedem Resultat
Perzentil nach korrekt beantworteten Fragen
Ihre Resultats-Entwicklung
Sie haben dieses Quiz noch nicht gespielt